Villes mondiales - Toponymie de la victoire. - Statistiques

Statistiques générales
  • Ce quiz a été pris 24 fois
  • Le résultat moyen est 3 sur 12
Statistiques - réponses
Énoncé Réponse % Correct
Victoria est la capitale et la plus grande ville de ce pays. Seychelles
71%
Capitale de l'État de Victoria en Australie. Melbourne
62%
La Montagne Sainte-Victoire se trouve à l'Est de cette ville française. Aix-en-Provence
38%
Nom basque de la ville espagnole de Vitoria, capitale du Pays Basque. Gasteiz
33%
Ville la plus peuplée bordant le lac Victoria en Afrique. Kampala
33%
La ville de Victoria est la capitale de cette province canadienne. Colombie Britannique
29%
Vittoria est la neuvième ville la plus peuplée de cette île. Sicile
24%
Victoria était la capitale historique de cette région administrative spéciale jusqu'en 1997. Son port et sa montagne portent aussi le nom de Victoria. Hong Kong
19%
Vitória est la capitale de cet État brésilien. Espírito Santo
10%
Victoria est la capitale de ce territoire fédéral de Malaisie non loin du Brunei. Labuan
10%
Ciudad Victoria est la capitale de cet état mexicain. Tamaulipas
10%
Ville zambienne située non loin des chutes Victoria. Livingstone
5%
Aucun quiz correspondant
Distribution des résultats
% des personnes avec chaque résultat
Percentile par nombre de réponses
Votre historique - résultats
Vous n’avez pas pris ce quiz